| Tag |
First Indicator |
Second Indicator |
Subfields |
| LEADER |
00000cas a2200000 a 4500 |
| 001 |
in00003402632 |
| 005 |
20180713084502.0 |
| 006 |
m o d |
| 007 |
cr ||||||||||| |
| 008 |
020715d19662008iluqr pso 0 a0eng c |
| 010 |
|
|
|a 2002211715
|
| 019 |
|
|
|a 44199106
|a 48530142
|a 63112721
|
| 022 |
0 |
|
|a 1540-8469
|l 0034-0855
|2 1
|
| 029 |
1 |
|
|a NZ1
|b 7047360
|
| 029 |
1 |
|
|a N@F
|b 257738
|
| 029 |
1 |
|
|a OCLCS
|b 19576
|
| 029 |
1 |
|
|a OCLCS
|b OP-26937
|
| 029 |
1 |
|
|a AU@
|b 000024299279
|
| 029 |
1 |
|
|a NZ1
|b 12187507
|
| 029 |
1 |
|
|a AU@
|b 000044927511
|
| 029 |
1 |
|
|a AU@
|b 000045714841
|
| 035 |
|
|
|a (OCoLC)ocm50172650
|
| 035 |
|
|
|a (OCoLC)50172650
|z (OCoLC)44199106
|z (OCoLC)48530142
|z (OCoLC)63112721
|
| 037 |
|
|
|b American Bar Association, Section of Real Property, Probate and Trust Law, 750 N. Lake Shore Drive, Chicago, Ill. 60611
|c free to Section members
|c $60.00 to non-members
|
| 040 |
|
|
|a NSD
|b eng
|c NSD
|d OCLCQ
|d MUQ
|d DOS
|d AE#
|d OCLCQ
|d DLC
|d OCLCQ
|d EYM
|d DLC
|d TXA
|d UtOrBLW
|
| 042 |
|
|
|a pcc
|a nsdp
|
| 043 |
|
|
|a n-us---
|
| 049 |
|
|
|a TXAM
|
| 050 |
|
4 |
|a K18
|b .E15
|
| 082 |
1 |
0 |
|a 346
|2 13
|
| 090 |
|
|
|a K18
|b .E34 Electronic
|
| 130 |
0 |
|
|a Real property, probate, and trust journal (Online)
|
| 210 |
0 |
|
|a Real prop. probate trust j.
|b (Online)
|
| 222 |
|
0 |
|a Real property, probate, and trust journal
|b (Online)
|
| 245 |
1 |
0 |
|a Real property, probate, and trust journal.
|
| 246 |
1 |
3 |
|a Real Prop. Prob. & Tr. J
|
| 264 |
|
1 |
|a Chicago, Ill. :
|b Section of Real Property, Probate, and Trust Law, American Bar Association,
|c ©1966-©2008.
|
| 310 |
|
|
|a Quarterly
|
| 336 |
|
|
|a text
|b txt
|2 rdacontent
|
| 337 |
|
|
|a computer
|b c
|2 rdamedia
|
| 338 |
|
|
|a online resource
|b cr
|2 rdacarrier
|
| 362 |
1 |
|
|a Began with: Vol. 1, no. 1 (spring 1966); ceased with: Vol. 42, no. 4 (winter 2008).
|
| 538 |
|
|
|a Mode of access: World Wide Web.
|
| 580 |
|
|
|a Absorbed: Newsletter of the Section of Real Property, Probate and Trust Law, and published it 1967-1971 as a separately paged section of the journal entitled RPPTL newsletter.
|
| 580 |
|
|
|a In 1972 the separately paged section RPPTL newsletter split from the journal to become separate publication: Probate and property.
|
| 588 |
|
|
|a Description based on: Vol. 1, no. 1 (spring 1966); title from PDF cover (JSTOR, viewed April 10, 2013).
|
| 588 |
|
|
|a Latest issue consulted: Vol. 42, no. 4 (winter 2008) (JSTOR, viewed April 10, 2013).
|
| 500 |
|
|
|a Electronic resource.
|
| 650 |
|
0 |
|a Real property
|z United States
|x States
|v Periodicals.
|
| 650 |
|
0 |
|a Probate law and practice
|z United States
|x States
|v Periodicals.
|
| 650 |
|
0 |
|a Decedents' estates
|z United States
|x States
|v Periodicals.
|
| 650 |
|
0 |
|a Trusts and trustees
|z United States
|x States
|v Periodicals.
|
| 650 |
|
6 |
|a Propriété immobilière
|z États-Unis
|x États
|v Périodiques.
|
| 650 |
|
6 |
|a Testaments
|x Vérification
|z États-Unis
|x États
|v Périodiques.
|
| 650 |
|
6 |
|a Successions et héritages
|z États-Unis
|x États
|v Périodiques.
|
| 650 |
|
6 |
|a Fiducie
|z États-Unis
|x États
|v Périodiques.
|
| 710 |
2 |
|
|a American Bar Association.
|b Section of Real Property, Probate, and Trust Law.
|
| 776 |
0 |
8 |
|i Print version:
|t Real property, probate, and trust journal
|x 0034-0855
|w (DLC)sf 77000027
|w (OCoLC)1713959
|
| 777 |
1 |
|
|t RPPTL newsletter
|g 1967-1971
|
| 780 |
1 |
5 |
|t Newsletter of the Section of Real Property, Probate and Trust Law
|x 2578-014X
|w (DLC) 2018201359
|w (OCoLC)1031402995
|
| 785 |
1 |
3 |
|t Probate and property (Online)
|x 2163-0135
|w (DLC) 2011202347
|w (OCoLC)61312739
|
| 785 |
0 |
0 |
|t Real property, trust, and estate law journal (Online)
|x 2329-6127
|w (DLC) 2013202561
|w (OCoLC)317593763
|
| 948 |
|
|
|a cataloged
|b h
|c 2013/8/16
|d c
|e spoltoratski
|f 9:01:46 am
|g sc
|
| 994 |
|
|
|a C0
|b TXA
|
| 999 |
|
|
|a MARS
|
| 999 |
f |
f |
|s e8ce6472-1be1-3541-a301-0c981651337c
|i 62f66ad7-619c-3b96-ba1e-009918da6a03
|t 0
|
| 952 |
f |
f |
|a Texas A&M University
|b College Station
|c Electronic Resources
|d Available Online
|t 0
|e K18 .E34
|g Electronic
|h Library of Congress classification
|
| 998 |
f |
f |
|a K18 .E34
|t 0
|l Available Online
|